| 000 | 00592nam a22001817a 4500 | ||
|---|---|---|---|
| 005 | 20251108164141.0 | ||
| 008 | 250721s2001 xx 000 0 ara d | ||
| 082 | 1 | 4 | _a932.2565/زبن |
| 100 | 1 | _aالزبن، حسن محمد | |
| 245 | 1 | 0 |
_aأحمد الطراونة : _bرجل دولة من الرعيل الأول : قراءة في سيرته و تجربته السياسية / |
| 264 | 1 |
_aعمان : _bالمؤلف، _c2001. |
|
| 300 | _a135ص | ||
| 650 | 1 | 7 | _aالتراجم |
| 650 | 1 | 7 | _aالسياسيون |
| 650 | 1 | 7 | _aتاريخ الأردن |
| 942 |
_2ddc _cBK |
||
| 999 |
_c4909 _d4909 |
||